[Event "3rd Livigno Open A"]
[Site "Livigno ITA"]
[Date "2012.09.14"]
[Round "6.10"]
[White "Franklin,S"]
[Black "Naumkin,I"]
[Result "1/2-1/2"]
[WhiteElo "2281"]
[BlackElo "2473"]

1.e4 e6 2.d4 d5 3.Nc3 Bb4 4.e5 Ne7 5.a3 Bxc3+ 6.bxc3 b6 7.Qg4 Ng6 8.h4 h5
9.Qd1 Ba6 10.Bxa6 Nxa6 11.Bg5 Qd7 12.Ne2 Ne7 13.Ng3 g6 14.Qd3 Nb8 15.c4 Nbc6
16.c3 O-O-O 17.O-O Kb8 18.a4 dxc4 19.Qxc4 Qd5 20.Qe2 Rc8 21.Ne4 Nf5 22.Nf6 Qa5
23.Qf3 Kb7 24.Rfb1 a6 25.Ne4 Ka7 26.Nd2 Qd5 27.Qe2 Na5 28.Ne4 Qc4 29.Qf3 Rb8
30.Rb4 Qd5 31.Qe2 c5 32.dxc5 bxc5 33.Rd1 Qc6 34.Be3 Rxb4 35.cxb4 Nxe3 36.Qxe3 Nc4
37.Qxc5+ Qxc5 38.Nxc5 Nxe5 39.Rd6 a5 40.Ra6+ Kb8 41.Rxa5 Rd8 42.Na6+ Kb7
43.Rxe5 Kxa6 44.g3 Rd1+ 45.Kg2 Ra1 46.Ra5+ Kb7 47.b5 Rb1 48.Ra6 Rb4 49.Kf3 Rb3+
50.Kf4 Rb2 51.f3 Rb4+ 52.Kg5 Rb3 53.Kf4 Rb4+ 54.Kg5 Rb3 55.f4 Rxg3+ 56.Kf6 Rf3
57.Kxf7 Rxf4+ 58.Kxg6 Rxh4 59.Kg5 Rb4 60.Kxh5 e5 61.Kg5 e4 62.Kf4 Rc4 63.Ke3 Rb4
64.Kd2 Rc4 65.a5 Ra4 66.Ke3 Rb4 67.Rb6+ Ka7 68.Kf4 Ra4 69.Ra6+ Kb7 70.Ke3 Rb4
71.Rb6+ Ka7 72.Kd2 Ra4 73.Ra6+ Kb7 74.Kc3 e3 75.Kd3 Ra3+ 76.Ke2 Rb3 77.Rb6+ Ka7
78.Ra6+ Kb7  1/2-1/2

[Event "zt 3.5 China Men 2012"]
[Site "Beijing CHN"]
[Date "2012.09.15"]
[Round "2.13"]
[White "Fan,Huifeng"]
[Black "Liu Guanchu"]
[Result "1/2-1/2"]
[WhiteElo "2062"]
[BlackElo "2232"]

1.e4 e6 2.d4 d5 3.Nc3 Bb4 4.e5 b6 5.a3 Bxc3+ 6.bxc3 Ne7 7.Qg4 Ng6 8.h4 h5
9.Qg3 Ba6 10.Bxa6 Nxa6 11.Bg5 Qd7 12.Qd3 Qa4 13.Ne2 Nf8 14.Ng3 g6 15.O-O Rc8
16.Rae1 Kd7 17.Qf3 Rh7 18.Qd3 Kc6 19.Be7 Kb7 20.c4 Qxc4 21.Qxc4 dxc4 22.Ne4 Re8
23.Bf6 Nd7 24.Ng5 Nxf6 25.exf6 Rhh8 26.Nxf7 Rhf8 27.Ng5 Rxf6 28.Re4 c6 29.Re5 Rf5
30.Rxe6 Rxe6 31.Nxe6 Ra5 32.Nf4 Rxa3 33.Nxg6 b5 34.f4 Nc7 35.f5 Nd5 36.f6 Nxf6
37.Rxf6 a5 38.Ne5 Ra2 39.c3 b4 40.cxb4 axb4 41.Nxc4 Rc2 42.Na5+ Kb6 43.Nb3 Rb2
44.Rf3 Kb5 45.g4 hxg4 46.Rg3 Kc4 47.h5 Rb1+ 48.Kf2 Rb2+ 49.Ke1 Rh2 50.Nd2+ Kxd4
51.Rxg4+ Kd3 52.Rxb4 Re2+  1/2-1/2

[Event "21st TCh-CRO 1b 2012"]
[Site "Sibenik CRO"]
[Date "2012.09.24"]
[Round "2.3"]
[White "Orak,L"]
[Black "Vlaic,B"]
[Result "1/2-1/2"]
[WhiteElo "2307"]
[BlackElo "2225"]

1.e4 e6 2.d4 d5 3.Nc3 Bb4 4.e5 Ne7 5.a3 Bxc3+ 6.bxc3 c5 7.Nf3 Qc7 8.Be2 b6
9.O-O Ba6 10.Bxa6 Nxa6 11.Qe2 Nb8 12.c4 cxd4 13.cxd5 Nxd5 14.Nxd4 O-O 15.c4 Ne7
16.Nb5 Qc6 17.Rd1 Na6 18.a4 Nc5 19.Ba3 a6 20.Nd6 Nxa4 21.Ne4 Nc5 22.Bxc5 bxc5
23.Ra5 Rfd8 24.Rd6 Rxd6 25.exd6 Qb6 26.Rxc5 Qb1+ 27.Qf1 Qxe4 28.dxe7 Qb7
29.Ra5 Qxe7 30.c5 Qc7 31.Rxa6 Rxa6 32.Qxa6 Qxc5 33.Qa8+ Qf8 34.Qe4 Qd8 35.h4 Qd5
36.Qf4 g6 37.g3 Kg7 38.Qe3 e5 39.Kh2 Qd4 40.Qf3 e4 41.Qf4 Qf6 42.Qe3 Qe5
43.Kg2 Qd5 44.Kh2 Qd3 45.Qc5 h6 46.Qe5+ Kh7 47.Kg2 Qf3+ 48.Kg1 Qf5 49.Qd4 g5
50.hxg5 hxg5 51.Qd6 Kg7 52.Qd4+ Kg6 53.Qh8 Qe6 54.Qd4 f5 55.Qd2 Qe5 56.Kf1 f4
57.gxf4 gxf4 58.f3 e3 59.Qc2+ Kg5 60.Qg2+ Kf6 61.Qc2 Qf5 62.Qb2+ Kg6 63.Qg2+ Kh5
64.Qh2+ Kg5 65.Qe2 Qb1+ 66.Kg2 Kh4 67.Kh2 Qc1 68.Qa6 Qd2+ 69.Kg1 Qf2+ 70.Kh1 Qxf3+
71.Kh2 Qh3+ 72.Kg1 Kg3 73.Qe2 f3 74.Qxf3+ Kh4 75.Qxh3+ Kxh3 76.Kf1 Kg3 77.Ke2 Kf4
78.Ke1  1/2-1/2

[Event "1st Simon Bolivar Open 2012"]
[Site "San Cristobal VEN"]
[Date "2012.09.29"]
[Round "7.22"]
[White "Corrales Jimenez,Z"]
[Black "Prasca Sosa,R"]
[Result "0-1"]
[WhiteElo "2203"]
[BlackElo "2429"]

1.e4 e6 2.d4 d5 3.Nc3 Bb4 4.e5 b6 5.a3 Bf8 6.Nf3 Ne7 7.Bb5+ c6 8.Ba4 a5 9.Ne2 b5
10.Bb3 Nd7 11.Bg5 h6 12.Bxe7 Bxe7 13.c3 a4 14.Bc2 Nb6 15.O-O Kd7 16.Nd2 Kc7
17.f4 f5 18.exf6 gxf6 19.Nf3 Bd6 20.Bd3 Bd7 21.Qd2 Qg8 22.Nh4 Nc4 23.Qc1 Be8
24.Rf3 Qg4 25.Bxc4 bxc4 26.Qe1 Bh5 27.Re3 Qg8 28.Ng3 Bf7 29.Rf3 Rb8 30.Qf2 Qg4
31.Nf1 Rhg8 32.Kh1 Rb7 33.Ne3 Qg7 34.Rg3 Qh8 35.Rxg8 Qxg8 36.Re1 Qb8 37.Re2 Bh5
38.g4 Bf7 39.Nd1 Qg8 40.Ne3 Qh7 41.f5 e5 42.Nf1 Qg7 43.h3 e4 44.Ne3 h5 45.Ng6 Bxg6
46.fxg6 Qxg6 47.Nf5 hxg4 48.Nxd6 Kxd6 49.Qg3+ Ke6 50.hxg4 Qh6+ 51.Kg2 Rh7
52.Re1 Qh4 53.Qxh4 Rxh4 54.Kg3 Rh6 55.Rf1 Kf7 56.Rf2 Kg6 57.Rf1 Rh8 58.Kg2 Re8
59.Rf4 Rb8 60.Rf2 e3 61.Re2 Kg5  0-1

[Event "72nd ch-UKR w 2012"]
[Site "Kharkiv UKR"]
[Date "2012.09.30"]
[Round "6.5"]
[White "Andrenko,I"]
[Black "Kononenko,T"]
[Result "1/2-1/2"]
[WhiteElo "2228"]
[BlackElo "2374"]

1.e4 e6 2.d4 d5 3.Nc3 Bb4 4.e5 Ne7 5.a3 Bxc3+ 6.bxc3 b6 7.Qg4 Ng6 8.Nf3 Ba6
9.Bd3 Qd7 10.O-O Bxd3 11.cxd3 Qa4 12.Be3 Nc6 13.Rfc1 Na5 14.Nd2 O-O 15.Qe2 Rfd8
16.h4 h6 17.h5 Ne7 18.g4 Rac8 19.Kh1 c5 20.Rg1 Kf8 21.f4 cxd4 22.Bxd4 Nac6
23.Qe3 Nxd4 24.cxd4 Ke8 25.f5 Rc3 26.f6 gxf6 27.exf6 Nc6 28.Nf3 Kd7 29.Rad1 Rh8
30.Rc1 Rxc1 31.Qxc1 Qb3 32.Qe3 Qxa3 33.Ne5+ Nxe5 34.dxe5 Rc8 35.Rd1 Qa4 36.Rg1 Qa3
37.Rd1 Qa4 38.Rg1 Qa3  1/2-1/2

[Event "TCh-Moscow 2012"]
[Site "Moscow RUS"]
[Date "2012.09.30"]
[Round "4.4"]
[White "Eliseev,U"]
[Black "Morozov,G"]
[Result "1-0"]
[WhiteElo "2490"]
[BlackElo "2356"]

1.e4 e6 2.d4 d5 3.Nc3 Bb4 4.e5 Qd7 5.Qg4 Bf8 6.Bg5 b6 7.f4 Ba6 8.Nf3 h6 9.Bh4 h5
10.Qg3 Bxf1 11.Rxf1 Nh6 12.Bg5 Nf5 13.Qf2 c5 14.Qd2 Nc6 15.Ne2 Rc8 16.c3 cxd4
17.Nfxd4 Nfxd4 18.cxd4 Bb4 19.Nc3 Na5 20.Rf3 Rc4 21.Rc1 Be7 22.b3 Rc6 23.f5 Ba3
24.Rd1 Bb4 25.f6 g6 26.Qb2 Qc8 27.Bd2 Kd7 28.a3 Bxc3 29.Bxc3 Qc7 30.a4 Kc8
31.Qc2 Kb8 32.Qd2 Rc8 33.Bb4 Ka8 34.Bd6 Qd7 35.Qd3 Rc2 36.Rd2 Qc6 37.Rxc2 Qxc2
38.Qxc2 Rxc2 39.Rg3 Rc8 40.Kd2 Kb7 41.Rh3 Kc6 42.g4 hxg4 43.Rh7 Nxb3+ 44.Kd3 Na5
45.Rxf7 Nb7 46.Rxb7 Kxb7 47.Bb4 Ka6 48.Ke3 g5 49.Kf2 b5 50.a5 Rh8 51.Kg3 Rh3+
52.Kxg4 Rxh2 53.Kxg5 Rb2 54.Be1 Rb1 55.f7 Rxe1 56.f8=Q Rg1+ 57.Kh4 Rd1 58.Qb4 Rg1
59.Qd6+ Kxa5 60.Qxe6 Kb4 61.Qxd5  1-0

[Event "3rd Copa Latino-Americana"]
[Site "Cali COL"]
[Date "2012.10.05"]
[Round "2.6"]
[White "Perez Garcia,Rodn"]
[Black "Beltran,C2"]
[Result "1/2-1/2"]
[WhiteElo "2418"]
[BlackElo "2210"]

1.e4 e6 2.d4 d5 3.Nc3 Bb4 4.e5 Qd7 5.Bd2 b6 6.f4 Ba6 7.Nce2 Bf8 8.Nf3 h5
9.Be3 Ne7 10.Qd2 Nf5 11.Bf2 Nc6 12.g3 Bb4 13.c3 Be7 14.Bg2 Bb5 15.h3 a5 16.O-O-O a4
17.g4 Nh6 18.Ng3 Bc4 19.Kb1  1/2-1/2

[Event "TCh-Belgrade Premier 2012"]
[Site "Belgrade SRB"]
[Date "2012.10.09"]
[Round "8.2"]
[White "Markovic,Mis"]
[Black "Skare,G"]
[Result "0-1"]
[WhiteElo "2188"]
[BlackElo "2335"]

1.e4 e6 2.d4 d5 3.Nc3 Bb4 4.e5 Ne7 5.Qg4 c5 6.a3 Qa5 7.axb4 Qxa1 8.Kd1 cxd4
9.Nb5 O-O 10.Nc7 Na6 11.Nxa8 Nxb4 12.Qxd4 Nec6 13.Qd2 Bd7 14.Nc7 a6 15.Nf3 Rc8
16.Nxa6 bxa6 17.Bd3 Nxd3 18.Qxd3 Nb4 19.Qa3 Qb1 20.Nd2 Qxc2+ 21.Ke2 Nd3  0-1

[Event "TATA 50th ch-IND National Premier 2012"]
[Site "Kolkata IND"]
[Date "2012.10.11"]
[Round "10.17"]
[White "Aravindh,Chithambaram VR."]
[Black "Ram,S"]
[Result "1-0"]
[WhiteElo "2276"]
[BlackElo "2303"]

1.e4 e6 2.d4 d5 3.Nc3 Bb4 4.e5 b6 5.a3 Bxc3+ 6.bxc3 Qd7 7.a4 Ne7 8.Nf3 O-O
9.Bd3 Nf5 10.g4 Ne7 11.Ng5 h6 12.Nh7 Re8 13.g5 Ng6 14.Nf6+ gxf6 15.gxf6  1-0

[Event "TATA 50th ch-IND National Premier 2012"]
[Site "Kolkata IND"]
[Date "2012.10.14"]
[Round "13.8"]
[White "Praneeth,S"]
[Black "Grover,S"]
[Result "0-1"]
[WhiteElo "2201"]
[BlackElo "2516"]

1.e4 e6 2.d4 d5 3.Nc3 Bb4 4.e5 Ne7 5.a3 Bxc3+ 6.bxc3 c5 7.Qg4 cxd4 8.Qxg7 Rg8
9.Qxh7 Qc7 10.Ne2 dxc3 11.f4 Nbc6 12.Qd3 d4 13.Nxd4 Nxd4 14.Qxd4 Bd7 15.Rg1 Nf5
16.Qf2 Qc6 17.Bd3 Qd5 18.Rb1 Bc6 19.Rb3 O-O-O 20.Rxc3 Kb8 21.g3 Nd4 22.Rf1 Qa2
23.Be3 Nb5 24.Rb3 Nxa3 25.Qd2 Nc4 26.Qc1 Qa5+ 27.Ke2 Qd5 28.Rf2 Rh8 29.h4 Rhg8
30.Rb4 Bb5 31.Rf3 a5 32.Rb1 Bc6 33.Qf1 Qxf3+ 34.Qxf3 Bxf3+ 35.Kxf3 Nxe3 36.Kxe3 Rxg3+
37.Kf2 Rh3 38.Be4 Rd2+ 39.Kg1 Rd7 40.Kg2 Rxh4 41.Kg3 Rh8 42.Rb5 b6 43.Rxb6+ Ka7
44.Rb5 Ka6 45.Rc5 Kb6 46.Rc4 Ra7 47.Ra4 Kb5 48.Ra2 a4 49.f5 a3 50.f6 Kc4
51.Kg4 Rb8 52.Kg5 Kd4  0-1

[Event "22nd Metropolitan IM"]
[Site "Los Angeles USA"]
[Date "2012.10.14"]
[Round "8"]
[White "Sevian,Samuel"]
[Black "Duckworth,W"]
[Result "1-0"]
[WhiteElo "2336"]
[BlackElo "2281"]

1.e4 e6 2.d4 d5 3.Nc3 Bb4 4.e5 b6 5.Qg4 Bf8 6.Nf3 Qd7 7.Be3 Ne7 8.h4 h5 9.Qh3 Nf5
10.Bd3 Nh6 11.Ne2 Ba6 12.Bxa6 Nxa6 13.O-O Nb4 14.c3 Nc6 15.Ng5 Nf5 16.Ng3 Nce7
17.Rfc1 Nxg3 18.Qxg3 Nf5 19.Qf4 Be7 20.c4 f6 21.Nf3 g5 22.Qh2 g4 23.exf6 Bxf6
24.Ne5 g3 25.Qxg3 Nxg3 26.Nxd7 Ne2+ 27.Kf1 Nxc1 28.Nxf6+ Kf7 29.Rxc1 Kxf6
30.cxd5 exd5 31.Rc6+ Kf5 32.f3 Rh7 33.Bg5 Rf7 34.Rh6 c5 35.Rxh5 Ke6 36.Rh6+ Kd7
37.Ke2 Re8+ 38.Kd2 c4 39.Rg6 Re6 40.Rg8 Re8 41.Rxe8 Kxe8 42.h5 b5 43.f4 Rg7
44.g4 b4 45.h6 Rh7 46.f5 Kf7 47.Bf4 Kf6 48.Kc2 a5 49.Kd1 a4 50.Kd2 Re7 51.Be5+ Kg5
52.Bg7 c3+ 53.bxc3 b3 54.axb3 a3 55.h7 a2 56.h8=Q a1=Q 57.Bf6+ Kf4 58.Qh2+ Kxg4
59.Qh4+ Kf3 60.Qh3+ Kf4 61.Bxe7 Qb2+ 62.Ke1 Qc1+ 63.Kf2 Qd2+ 64.Kg1 Qf2+
65.Kxf2  1-0

[Event "2nd Indonesia Open"]
[Site "Jakarta INA"]
[Date "2012.10.15"]
[Round "6.21"]
[White "Novita,A"]
[Black "Shyam,SM"]
[Result "0-1"]
[WhiteElo "2339"]
[BlackElo "2494"]

1.e4 e6 2.d4 d5 3.Nc3 Bb4 4.e5 Ne7 5.Ne2 c5 6.a3 Bxc3+ 7.bxc3 O-O 8.Ng3 f6
9.exf6 Rxf6 10.Be2 Qa5 11.Bd2 cxd4 12.cxd4 Qa4 13.Bg5 Rf7 14.Qd2 Nbc6 15.c3 Na5
16.O-O Bd7 17.Rab1 Rc8 18.Qe3 Ng6 19.Bh5 Qc6 20.Ne2 Nc4 21.Qg3 Nxa3 22.Rbc1 Rf5
23.Bxg6 hxg6 24.Nf4 Be8 25.Rfe1 e5 26.dxe5 Nc4 27.Rcd1 Bf7 28.e6 Be8 29.Qh4 Nb2
30.Rc1 d4 31.Ne2 Qd5 32.cxd4 Rxg5 33.Nf4 Rxc1 34.Rxc1 Qd8 35.g3 Na4 36.Nh3 Rd5
37.e7 Qd7 38.Ng5 Rxg5 39.Qxg5 Nb6 40.Qe5 Nd5 41.Rc5 Nf6 42.Rc7 Qg4 43.Kg2 Kf7
44.f3 Qe6 45.Rxb7 Qa2+ 46.Kh3 a5 47.Ra7 a4 48.Ra5 Bd7+ 49.g4 Qf2 50.Qf4 Bxg4+  0-1

[Event "Copenhagen Cup IMB 2012"]
[Site "Copenhagen DEN"]
[Date "2012.10.19"]
[Round "5.3"]
[White "Rydstrom,Tom"]
[Black "Nielsen,LA"]
[Result "1-0"]
[WhiteElo "2140"]
[BlackElo "2260"]

1.e4 e6 2.d4 d5 3.Nc3 Bb4 4.e5 b6 5.Qg4 Bf8 6.Nf3 Ba6 7.Nb5 Qd7 8.a4 Ne7
9.Bf4 Nf5 10.Bd3 c6 11.Nd6+ Nxd6 12.exd6 Bxd3 13.cxd3 f6 14.h4 Na6 15.O-O O-O-O
16.Rfe1 Nb4 17.Rad1 Nc2 18.Rxe6 Kb7 19.Qh3 Ka6 20.Rc1 Nb4 21.Rc3 Kb7 22.a5 bxa5
23.Nd2 a4 24.Nb1 Rg8 25.Qe3 g5 26.hxg5 fxg5 27.Bg3 h5 28.b3 h4 29.Bh2 g4
30.Bf4 g3 31.fxg3 hxg3 32.bxa4 Rg4 33.Rf6 Re8 34.Be5 Qh7 35.Kf1 Qh1+ 36.Qg1 Qxg1+
37.Kxg1 Rxd4 38.Bxd4 Bxd6 39.Rc1 c5 40.Rxd6 cxd4 41.Nd2 Nxd3 42.Rb1+ Kc7
43.Rxd5 Nf4 44.Rf5 Ne2+ 45.Kf1 Nc3 46.Rc1 Rh8 47.Rxc3+ dxc3 48.Rc5+ Kb6 49.Rxc3 Rf8+
50.Rf3 Rd8 51.Ke2 Ka5 52.Rf4 Rb8 53.Kf3 Rb4 54.Kxg3 Kxa4 55.Rxb4+ Kxb4 56.Kf4 a5
57.Ke3 a4 58.Kd3 a3 59.Kc2 Kc5 60.Kb3 Kd4 61.Kxa3 Ke3 62.Nf1+  1-0

[Event "4th Sant Marti IM"]
[Site "Barcelona ESP"]
[Date "2012.10.20"]
[Round "4.5"]
[White "Sanchez Ibern,M"]
[Black "Gonzalez Rodriguez,JA"]
[Result "1/2-1/2"]
[WhiteElo "2332"]
[BlackElo "2372"]

1.e4 e6 2.d4 d5 3.Nc3 Bb4 4.e5 b6 5.a3 Bxc3+ 6.bxc3 Qd7 7.Qg4 f5 8.Qg3 Nc6
9.Nh3 Bb7 10.Nf4 O-O-O 11.a4 Qf7 12.h4 Nge7 13.h5 Rdg8 14.Bd3 Kb8 15.Qg5 h6
16.Qh4 Re8 17.g4 a5 18.Rg1 Rhg8 19.g5 hxg5 20.Qxg5 Ka7 21.Ba3 Ba6 22.Kd2 Bc4
23.Rg3 Nc8 24.Qg6 Qd7 25.Rag1 Bxd3 26.cxd3 Nd8 27.Qh7 Qxa4 28.Rxg7 Rxg7 29.Rxg7 Qxa3
30.Rxc7+ Ka6 31.Qd7 Qb2+ 32.Kd1 Qb1+ 33.Kd2 Qb2+ 34.Ke1 Qc1+ 35.Ke2 Qc2+
36.Kf3 Qd1+ 37.Ke3 Qc1+ 38.Kf3 Qd1+ 39.Ke3 Qc1+  1/2-1/2

[Event "Danilo Batricevic Mem Balkan GP"]
[Site "Cetinje MNE"]
[Date "2012.10.22"]
[Round "4.22"]
[White "Vukcevic,N"]
[Black "Marret,B"]
[Result "1/2-1/2"]
[WhiteElo "2078"]
[BlackElo "1841"]

1.e4 e6 2.d4 d5 3.Nc3 Bb4 4.e5 Qd7 5.a3 Bxc3+ 6.bxc3 b6 7.Qg4 f5 8.Qg3 Ba6
9.Bxa6 Nxa6 10.Ne2 Nb8 11.Nf4 Kf7 12.h4 Nc6 13.h5 Nh6 14.Nh3 Rag8 15.Qh4 Ke8
16.O-O Na5 17.Bxh6 gxh6 18.Qf6 Qe7 19.Qxh6 Kd7 20.Nf4 Nc4 21.Rfe1 Nd2 22.Re3 Ne4
23.f3 Ng5 24.c4 dxc4 25.Rae1 c6 26.Qf6 Rf8 27.Qxe7+ Kxe7 28.Rc3 Rhg8 29.Kf2 b5
30.Ra1 Ra8 31.Re3 Rgd8 32.c3 a5 33.Rb1 a4 34.Ke2 Rg8 35.Rg1 Rad8 36.Kf2 Rdf8
37.Re2 Rd8 38.Ke3 Nf7 39.Rb1 Rg3 40.Kf2 Rgg8 41.Ke3 Rg3 42.Reb2 Rgg8 43.Rg1 Rg5
44.Rh1 Nh6 45.Kf2  1/2-1/2

[Event "Danilo Batricevic Mem Balkan GP"]
[Site "Cetinje MNE"]
[Date "2012.10.26"]
[Round "8.20"]
[White "Ashiku,F"]
[Black "Marret,B"]
[Result "1/2-1/2"]
[WhiteElo "2209"]
[BlackElo "1841"]

1.e4 e6 2.d4 d5 3.Nc3 Bb4 4.e5 Qd7 5.a3 Bxc3+ 6.bxc3 b6 7.Nf3 Ba6 8.Bxa6 Nxa6
9.Qd3 Nb8 10.O-O Nc6 11.c4 dxc4 12.Qxc4 O-O-O 13.Qa6+ Kb8 14.Be3 Nge7 15.a4 Na5
16.c4 Nec6 17.Qb5 g6 18.Rab1 Ka8 19.Rfc1 Rhf8 20.c5 Qd5 21.Qa6 Rb8 22.Rb5 Qe4
23.Nd2 Qd3 24.cxb6 cxb6 25.Rcb1 f5 26.d5 exd5 27.Bxb6 Qxd2 28.Bc7 Rxb5 29.axb5 Qd3
30.Ra1 Qc3 31.Rf1 d4 32.bxc6 Nxc6 33.Rb1 Nb4 34.Qd6 Rc8 35.Qxb4 Qxb4 36.Rxb4 Rxc7
37.f4 Rd7 38.Kf2 a5 39.Ra4 Kb7 40.Rxa5 Kb6 41.Ra8 Kc5 42.Rc8+ Kd5 43.Kf3 d3
44.g3 g5 45.h4 gxf4 46.gxf4 d2 47.Ke2 d1=Q+ 48.Kxd1 Ke4+ 49.Ke2 Kxf4 50.Re8  1/2-1/2

[Event "TCh-FIN SM 2012-13"]
[Site "Helsinki FIN"]
[Date "2012.10.27"]
[Round "4.2"]
[White "Hartikainen,M"]
[Black "Nevanlinna,R"]
[Result "1-0"]
[WhiteElo "2341"]
[BlackElo "2258"]

1.e4 e6 2.d4 d5 3.Nc3 Bb4 4.e5 Qd7 5.a3 Bf8 6.Nge2 b6 7.g3 Ba6 8.Bh3 c5 9.Be3 Nc6
10.f4 cxd4 11.Nxd4 Nxd4 12.Bxd4 Ne7 13.Qf3 Nc6 14.O-O-O Nxd4 15.Rxd4 Bb7
16.f5 Bc5 17.fxe6 fxe6 18.Rf4 d4 19.Ne4 O-O-O 20.Rf1 Bd5 21.Rf7 Qc6 22.Qd3 b5
23.Nd2 Rhg8 24.Kb1 Kb8 25.R1f4 Rc8 26.Bf1 Bb6 27.Rg4 Rc7 28.Qxh7 Rgc8 29.Rxc7 Qxc7
30.Rg5 Ba5 31.Qd3 a6 32.Be2 Qf7 33.Nb3 Bb6 34.Nc1 Qb7 35.Qd1 Bd8 36.Rg4 Qc7
37.Nd3 g5 38.Rxd4 Qa7 39.Nb4 Bb6 40.Rg4 Rd8 41.Bd3 Be3 42.Qe2 Bb7 43.h4 Rf8
44.Be4 Rf2 45.Qd3 Rd2 46.Qc3 Rd1+ 47.Ka2 Qb6 48.hxg5 Bd4 49.Qf3 Rd2 50.Bxb7 Qxb7
51.Nc6+  1-0

[Event "e2e4 Basingstoke Int Open"]
[Site "Basingstoke ENG"]
[Date "2012.10.28"]
[Round "2.8"]
[White "Eggleston,D"]
[Black "Maciol,R"]
[Result "1-0"]
[WhiteElo "2337"]
[BlackElo "2198"]

1.e4 e6 2.d4 d5 3.Nc3 Bb4 4.e5 b6 5.a3 Bf8 6.Nf3 Ba6 7.Bxa6 Nxa6 8.Qd3 Nb8
9.Ne2 Ne7 10.Nf4 Ng6 11.Nh5 c5 12.dxc5 bxc5 13.c4 Nc6 14.cxd5 Qxd5 15.Qxd5 exd5
16.O-O O-O-O 17.Re1 Rg8 18.Bg5 Re8 19.Rad1 d4 20.b4 Ncxe5 21.bxc5 Bxc5 22.Nxe5 Nxe5
23.Bf4 Nd3 24.Rf1 Nxf4 25.Nxf4 Kb8 26.a4 Re7 27.Nd3 Bd6 28.Rb1+ Ka8 29.Rb5 Rb8
30.Rd5 Rd8 31.g3 Bc7 32.Rh5 h6 33.Rc1 Bb8 34.Rhc5 Re6 35.Kf1 g6 36.R1c2 f5
37.h4 f4 38.gxf4 Rf6 39.Rc6 Rdf8 40.Rxf6 Rxf6 41.Rc4 Bxf4 42.Rxd4 Bc7 43.Kg2 Kb7
44.f4 Rf5 45.Kh3 Kc6 46.Rc4+ Kb7 47.Kg4 Rd5 48.Nc5+ Kb6 49.Ne6 h5+ 50.Kf3 Bd6
51.Ke4 Rd1 52.Nd4 Re1+ 53.Kf3 Be7 54.Rc6+ Ka5 55.Rc7 Kb6 56.Rc6+ Ka5 57.Rxg6 Bxh4
58.Rh6 Rf1+ 59.Ke4 Kxa4 60.Ra6+ Kb4 61.Rxa7 Bf2 62.Rb7+ Kc5 63.Nf3 h4 64.Rh7 Kd6
65.f5 Ra1 66.Kf4 Ra4+ 67.Kg5 Be3+ 68.Kg6 Rg4+ 69.Kf6 Bf2 70.Rh5 Rf4 71.Ng5 Bd4+
72.Kg6 Rg4 73.Rh6 Rxg5+ 74.Kxg5+  1-0

[Event "e2e4 Basingstoke Int Open"]
[Site "Basingstoke ENG"]
[Date "2012.10.29"]
[Round "4.11"]
[White "Jackson,J"]
[Black "Maciol,R"]
[Result "1/2-1/2"]
[WhiteElo "2222"]
[BlackElo "2198"]

1.e4 e6 2.d4 d5 3.Nc3 Bb4 4.e5 Qd7 5.a3 Bxc3+ 6.bxc3 Qa4 7.Rb1 Qa5 8.Qd2 Ne7
9.Nf3 b6 10.Bd3 Ba6 11.O-O h6 12.Qe2 Bxd3 13.Qxd3 Qa6 14.Qxa6 Nxa6 15.Be3 Nc6
16.Nd2 Na5 17.f4 g6 18.g4 Ke7 19.f5 Rag8 20.fxe6 fxe6 21.h4 Nb8 22.Kg2 Nd7
23.Kg3 Rf8 24.Rxf8 Kxf8 25.Rb4 Nc6 26.Rb1 Na5 27.Rb4 Nc6 28.Rb1  1/2-1/2

[Event "7th Kavalier Open"]
[Site "Vienna AUT"]
[Date "2012.10.29"]
[Round "4.4"]
[White "Heissenberger,A"]
[Black "Ernst,M"]
[Result "1/2-1/2"]
[WhiteElo "2016"]
[BlackElo "2214"]

1.e4 e6 2.d4 d5 3.Nc3 Bb4 4.e5 b6 5.Qg4 Bf8 6.Bg5 Qd7 7.a3 Nc6 8.Bb5 Bb7
9.Nf3 Nge7 10.O-O O-O-O 11.Ne2 h6 12.Be3 a6 13.Bd3 f5 14.exf6 gxf6 15.Nf4 e5
16.Qxd7+ Kxd7 17.Ng6 Nxg6 18.Bf5+ Kd6 19.Bxg6 Ne7 20.Bh5 c5 21.c3 Bg7 22.dxc5+ bxc5
23.b4 cxb4 24.axb4 Ke6 25.Nh4 f5 26.b5 axb5 27.Bc5 Bf6 28.Nf3 Rc8 29.Bb6 Rc6
30.Ba5 Ra6 31.Bb4 Rxa1 32.Rxa1 Ra8 33.Re1 e4 34.Nd4+ Bxd4 35.cxd4 Nc6 36.Bc5 Ra4
37.Rd1 b4 38.h4 b3 39.Rb1 Nxd4 40.Bxd4 Rxd4 41.Rxb3 Bc6 42.Rg3 Ba4 43.Rg6+ Ke5
44.Rxh6 Rc4 45.Bf7 Rc6 46.Rxc6 Bxc6 47.Kf1 d4 48.g3 f4 49.Bc4 fxg3 50.fxg3 d3
51.h5 Be8 52.h6 Kf6 53.Kf2 Bg6 54.Bg8 Bf5 55.Ke3 Kg6 56.g4 Bxg4 57.Kxe4 Bf5+
58.Ke3 Kxh6 59.Bc4  1/2-1/2

[Event "e2e4 Basingstoke Int Open"]
[Site "Basingstoke ENG"]
[Date "2012.10.31"]
[Round "9.7"]
[White "Andreev,Pete"]
[Black "Player,E"]
[Result "0-1"]
[WhiteElo "1981"]
[BlackElo "2215"]

1.e4 e6 2.d4 d5 3.Nc3 Bb4 4.e5 Ne7 5.a3 Bxc3+ 6.bxc3 b6 7.Bg5 Qd7 8.Bxe7 Qxe7
9.Qg4 O-O 10.Nf3 Ba6 11.Bd3 Bxd3 12.cxd3 c5 13.dxc5 Qxc5 14.Qb4 Qc7 15.O-O Nc6
16.Qf4 Rac8 17.Rac1 Qe7 18.Qa4 Rc7 19.Rc2 Rfc8 20.Rfc1 Na5 21.Nd4 Rc5 22.f4 g6
23.Qb4 Qe8 24.a4 Nc6 25.Nxc6 R8xc6 26.c4 Qc8 27.Kf2 a6 28.g3 b5 29.axb5 axb5
30.Ra2 dxc4 31.dxc4 Rxc4 32.Rxc4 bxc4 33.Rc2 c3 34.Ke3 Kg7 35.Kd3 Qd7+ 36.Ke3 Qa7+
37.Qd4 Qxd4+ 38.Kxd4 g5 39.fxg5 Kg6 40.Rxc3 Rxc3 41.Kxc3 Kxg5 42.Kd3 Kg4
43.Ke3 Kh3 44.Kf2 Kxh2 45.g4 Kh3 46.Kf3 Kh4 47.Kf4 h6 48.Kf3 Kg5 49.Kg3 h5
50.Kf3  0-1

[Event "16th OIBM 2012"]
[Site "Bad Wiessee GER"]
[Date "2012.11.01"]
[Round "6.25"]
[White "Keller,M1"]
[Black "Braun,Christi2"]
[Result "0-1"]
[WhiteElo "2176"]
[BlackElo "2401"]

1.e4 e6 2.d4 d5 3.Nc3 Bb4 4.e5 b6 5.Bd2 Nh6 6.Nf3 Nf5 7.Bd3 Ba6 8.a3 Be7
9.Bxa6 Nxa6 10.Ne2 c5 11.c3 Qd7 12.O-O h6 13.Nf4 c4 14.g4 Nh4 15.Nxh4 Bxh4
16.Ng2 Be7 17.f4 O-O-O 18.f5 Bg5 19.h4 Bxd2 20.Qxd2 Nc7 21.Rf2 f6 22.Nf4 fxe5
23.Ng6 exd4 24.Nxh8 dxc3 25.Qxc3 Rxh8 26.fxe6 Nxe6 27.Raf1 Re8 28.Qg3 Re7
29.b3 cxb3 30.Qxb3 Nc5 31.Rf8+ Kb7 32.Qf3 Kc6 33.Kh1 Re4 34.Rf4 Qe7 35.Rxe4 Qxh4+
36.Kg2 Nxe4 37.Rc1+ Nc5 38.Qf5 Qe7 39.Qc8+ Kb5 40.a4+ Ka5 41.Qc6 Qe2+ 42.Kh3 Qe3+
43.Kh4 a6 44.Rb1 g5+ 45.Kh5 Qh3+ 46.Kg6 Qd3+  0-1

[Event "TCh-NOR Eliteserien 2012-13"]
[Site "Haraldsheim NOR"]
[Date "2012.11.02"]
[Round "5"]
[White "Kolas,T"]
[Black "Berg,E"]
[Result "1-0"]
[WhiteElo "2227"]
[BlackElo "2574"]

1.e4 e6 2.d4 d5 3.Nc3 Bb4 4.e5 Qd7 5.a3 Bxc3+ 6.bxc3 b6 7.Qg4 f5 8.Qg3 Ba6
9.Bxa6 Nxa6 10.Ne2 O-O-O 11.h4 Nb8 12.a4 Nc6 13.Ba3 Na5 14.Bb4 Nc4 15.a5 Qf7
16.O-O Rd7 17.Nc1 Nh6 18.Nd3 Rg8 19.Ra2 Qh5 20.Nf4 Qf7 21.Rfa1 Kb8 22.Nd3 Ka8
23.Nb2 Nxb2 24.Rxb2 b5 25.a6 Rdd8 26.Rab1 Qd7 27.Ba5 Rb8 28.c4 bxc4 29.Rb7 Rxb7
30.Rxb7 Rc8 31.Qa3 Qc6 32.Bb4 Rb8 33.Rxb8+ Kxb8 34.Bf8 Kc8 35.Bxg7 Ng4 36.f3 Qb6
37.Qf8+ Kd7 38.Qf7+ Kd8 39.Qf8+ Kd7 40.Qf7+ Kd8 41.fxg4 Qxd4+ 42.Kh1 Qa1+
43.Kh2 Qxa6 44.gxf5 exf5 45.e6  1-0

[Event "TCh-CZE Extraliga 2012-13"]
[Site "Czech Republic CZE"]
[Date "2012.11.03"]
[Round "1.3"]
[White "Petr,Ma"]
[Black "Petrik,T"]
[Result "1-0"]
[WhiteElo "2521"]
[BlackElo "2534"]

1.e4 e6 2.d4 d5 3.Nc3 Bb4 4.e5 Ne7 5.a3 Bxc3+ 6.bxc3 c5 7.Qg4 Qc7 8.Qxg7 Rg8
9.Qxh7 cxd4 10.Ne2 Nbc6 11.f4 dxc3 12.Qd3 d4 13.h4 b6 14.Nxd4 Nxd4 15.Qxd4 Nf5
16.Bb5+ Bd7 17.Qxd7+ Qxd7 18.Bxd7+ Kxd7 19.Rh2 Rad8 20.Kf2 Kc6 21.Rh3 Rd1
22.h5 Kd5 23.Rxc3 Nh4 24.g3 Nf5 25.Rb1 a6 26.Rc7 Rh1 27.Rb3 b5 28.Be3 Nxg3
29.Rd3+ Ke4 30.Rd4+ Kf5 31.Rxf7+ Kg4 32.Kg2 Ne2 33.Kxh1 Kf3 34.f5 Ng3+ 35.Kh2 Nf1+
36.Kh3 Kxe3 37.Rd3+ Ke4 38.fxe6 Ne3 39.Rxe3+ Kxe3 40.e7  1-0

[Event "Brno Open 2012"]
[Site "Brno CZE"]
[Date "2012.11.11"]
[Round "2"]
[White "Svoboda,Filip"]
[Black "Guttridge,D"]
[Result "1/2-1/2"]
[WhiteElo "1692"]
[BlackElo "1852"]

1.e4 e6 2.d4 d5 3.Nc3 Bb4 4.e5 Qd7 5.a3 Bxc3+ 6.bxc3 b6 7.a4 Ba6 8.Bxa6 Nxa6
9.Ba3 Nb8 10.f4 Nc6 11.Nf3 Nge7 12.O-O Na5 13.Nd2 Nec6 14.Qe2 O-O-O 15.Rfb1 Kb8
16.Bb4 Ka8 17.Ra2 Nxb4 18.cxb4 Nc6 19.c3 Ne7 20.Nb3 c6 21.a5 b5 22.Nc5 Qc7
23.a6 g6 24.Kf2 Nc8 25.Ke3 Qe7  1/2-1/2

[Event "WY GU18 2012"]
[Site "Maribor SLO"]
[Date "2012.11.12"]
[Round "5.30"]
[White "Turkova,K"]
[Black "Kruk,Karina"]
[Result "1-0"]
[WhiteElo "1993"]
[BlackElo "1786"]

1.e4 e6 2.d4 d5 3.Nc3 Bb4 4.e5 Ne7 5.Qg4 Ng6 6.h4 Bf8 7.Bd3 c5 8.h5 Ne7 9.dxc5 Nec6
10.Nf3 Nd7 11.Bf4 Nxc5 12.Be2 Qb6 13.O-O-O Bd7 14.Bg5 Rc8 15.h6 Nb4 16.hxg7 Bxg7
17.Be3 Bf8 18.Ng5 Qa5 19.a3 Nxc2 20.Bxc5 Nxa3 21.Bd4 Nb5 22.Rh3 Qa1+ 23.Kc2 Nxd4+
24.Rxd4 b5 25.Qh5 Be7 26.Qxf7+ Kd8 27.Nxe6+ Bxe6 28.Qxe6 Rc5 29.Rxd5+ Rxd5
30.Qxd5+ Ke8 31.Bh5+ Kf8 32.Qf7+  1-0

[Event "WY BU16 2012"]
[Site "Maribor SLO"]
[Date "2012.11.15"]
[Round "8.1"]
[White "Eliseev,U"]
[Black "Chigaev,M"]
[Result "1/2-1/2"]
[WhiteElo "2495"]
[BlackElo "2457"]

1.e4 e6 2.d4 d5 3.Nc3 Bb4 4.e5 Ne7 5.a3 Bxc3+ 6.bxc3 c5 7.h4 Qc7 8.Nf3 b6
9.h5 h6 10.Bb5+ Bd7 11.Bd3 Nbc6 12.O-O O-O 13.Bf4 f5 14.exf6 Qxf4 15.fxe7 Nxe7
16.Ne5 Be8 17.g3 Qg5 18.Be2 Nf5 19.Bg4 Rc8 20.f4 Qf6 21.Rf3 Ba4 22.Rc1 Rc7
23.Qd3 cxd4 24.cxd4 Rfc8 25.c3 Qf8 26.Re1 Be8 27.Kh2 Qxa3 28.Bxf5 exf5 29.Qxf5 Qf8
30.Qg4 Rxc3 31.Rxc3 Rxc3 32.Nd7 Bxd7 33.Qxd7 Rc8 34.Re7 Kh8 35.Rf7 Qe8 36.Qxe8+ Rxe8
37.Rxa7 Rb8 38.Kh3 b5 39.Kg4 b4 40.Ra2 b3 41.Rb2 Rb4 42.Kf5 Rxd4 43.Rxb3 Re4
44.Rd3 Re8 45.Rxd5 Rf8+ 46.Ke6 Kg8 47.Rd6 Re8+ 48.Kf5 Kf7 49.g4 Ra8 50.Rd7+ Kg8
51.Re7 Kf8 52.Re5 Kf7 53.g5 hxg5 54.fxg5 g6+ 55.hxg6+ Kg8 56.Re7 Rf8+ 57.Kg4 Rf1
58.g7 Rf7  1/2-1/2